000 00857nam a2200265 a 4500
001 30634
003 BD-RjUL
005 20211209051608.0
008 181210s1901 nyu 000 0 eng
035 _a(BD-RjUL)30720
040 _aDLC
_cOCl
_dWU
_dDLC
_dBD-RjUL
_beng
041 _aeng
042 _apremarc
082 _223
_a297.63
_bJOM 1901
100 1 _aJohnstone, P. De Lacy
_q(Peirce De Lacy),
_d1850-
_9225836
245 0 0 _aMuhammad and his power /
_cby P. De Lacy Johnstone.
260 _aNew York:
_bC. Scribner's sons,
_c1901.
300 _axviii, 238 p.
_c19 cm.
490 0 _aThe world's epoch-makers
500 _a"Some leading dates in the history": p. xiii-xiv.
600 0 0 _aMuḼammad,
_cProphet,
_d-632.
_9225838
830 _aThe world's epoch-makers
_9225839
906 _a7
_bcbc
_coclcrpl
_du
_encip
_f19
_gy-gencatlg
942 _2ddc
_cRAR
999 _c30634
_d30634